[Event "S Wales Late Summer Open"]
[Site "?"]
[Date "2022.09.03"]
[Round "2.1"]
[White "Menadue, Jeremy"]
[Black "Kozusek, Daniel"]
[Result "0-1"]
[WhiteElo "1960"]
[BlackElo "2328"]
[Annotator "kemen"]
[PlyCount "90"]
[EventDate "2022.??.??"]
[SourceVersionDate "2022.09.07"]

{[%evp 0,90,38,19,26,-11,-17,4,15,-3,31,-2,20,18,32,10,10,22,36,15,34,6,20,8,4,
-35,-37,-39,-11,-11,-47,-25,-17,-12,47,50,103,27,71,71,71,-77,-101,-101,-72,
-130,-87,-93,-89,-89,-83,-153,-135,-180,-98,-187,-180,-159,-114,-141,-137,-174,
-139,-178,-178,-167,-190,-207,-221,-418,-197,-188,-188,-218,-218,-230,-222,
-230,-226,-230,-256,-234,-228,-218,-111,-251,-245,-652,-250,-1039,-1034,-1031,
-1103]} 1. d4 d5 2. c4 e6 3. Nc3 Bb4 4. Nf3 dxc4 (4... Nf6) 5. g3 (5. e3) (5.
e4 {main lines; score better for Wh than the text}) 5... b5 {riskier than} (
5... Nf6) 6. Bg2 (6. a4 c6 {transposes to 123 games}) 6... Bb7 7. O-O Bxc3 (
7... a6 8. a4 $11 {2 games each}) 8. bxc3 Ne7 9. Qc2 (9. a4 c6 {2-1} 10. Nd2
$18 {KomodoDragon3, not yet played} a6 11. Ne4 O-O 12. Nc5 Qc8 13. Ba3 $18)
9... Nd7 10. Rb1 (10. a4 a6 {KomodoDragon3} 11. Ba3 $14) 10... a6 11. e4 c5 (
11... O-O 12. a4 Rb8 $15 {KomodoDragon3, if} 13. axb5 axb5 14. Rxb5 Bxe4 15.
Rxb8 Bxc2 16. Rxd8 Rxd8 $17) 12. Re1 O-O 13. Ng5 e5 $15 14. d5 h6 15. Nh3 Nc8 (
15... f5 16. f4 fxe4 17. fxe5 Nxd5 18. Qxe4 Qb6 19. Qg4 Nxc3 20. Bxb7 Qxb7 21.
Qxc4+ Nd5 22. Nf4 N7b6 23. Qe4 Qf7 $17 {KomodoDragon3}) 16. f4 f5 (16... Nd6)
17. exf5 Qf6 (17... e4 18. Qxe4 Nf6 19. Qe6+ Kh8 20. Ng5 hxg5 21. fxg5 Re8 22.
gxf6 Rxe6 23. fxg7+ Kxg7 24. Rxe6 Nb6 25. Rg6+ $11 {KomodoDragon3}) 18. g4 (18.
fxe5 Nxe5 19. Bf4 (19. Nf4 Nb6 20. Re2 $11 {Stockfish15}) 19... Nd3 20. Re6
Qxf5 21. Rf1 $16 {KomodoDragon3}) 18... Nd6 (18... Ncb6 19. fxe5 Nxe5 20. Bf4
Rfe8 (20... Nxg4 21. Re6 Qxf5 22. Qxf5 Rxf5 23. Rxb6 Bxd5 $14) 21. Qe2 Nbd7 $14
{KomodoDragon3}) 19. fxe5 Nxe5 20. Rxe5 {this doesn't quite work out} (20. Bf4
Rae8 (20... Nxg4 21. Qd1 $1 $18) 21. Nf2 $16 {KomodoDragon3}) (20. Nf2 Rae8 21.
Bf4) 20... Qxe5 $19 21. Bf4 Qf6 22. Qf2 Rfe8 (22... Rae8) (22... g5 $1 23. Bxd6
Qxd6 24. Qd2 Rae8 $19 {KomodoDragon3}) 23. Bxd6 Qxd6 24. Nf4 Bc8 (24... b4 $19)
25. Ng6 (25. Ne6 b4 26. Re1 $17 {but at least Wh has either a strong N or a
protected passed pawn}) 25... Bd7 $19 26. h4 Qf6 (26... b4 $1) 27. Rc1 h5 (
27... Rab8 $19) 28. d6 Qxd6 29. Bxa8 Rxa8 30. gxh5 Re8 $19 31. Re1 Rxe1+ 32.
Qxe1 Kh7 33. Qe4 Bc6 (33... Qg3+ 34. Kf1 Qh3+ 35. Ke1 Bxf5 $19 {KomodoDragon3})
34. Nf8+ (34. Qe3 b4) 34... Qxf8 (34... Kh8 $1 35. Qf4 Qxf8 $19 {KomodoDragon3}
) 35. Qxc6 Qxf5 36. Qxa6 Qg4+ 37. Kf1 Qf3+ (37... b4) 38. Kg1 Qe3+ 39. Kh2 Qd2+
40. Kg1 Qe3+ 41. Kg2 b4 $2 (41... Qe4+ $1 42. Kh3 b4 $19) 42. cxb4 $2 (42. Qxc4
bxc3 (42... Qxc3 43. Qe4+ Kg8 44. Qe8+) 43. a4 $11 Qd4 44. Qe2 c4 45. Kf1 $11
Qd3 $2 46. Qxd3+ cxd3 47. Ke1 $18 {Komododragon3}) 42... Qe4+ 43. Kf1 cxb4 44.
Kg1 c3 45. h6 Qe3+ (45... Qe3+ 46. Kh2 Qd2+ 47. Kg3 c2) 0-1

[Event "S Wales Late Summer Open"]
[Site "?"]
[Date "2022.09.03"]
[Round "2.2"]
[White "Bullen, Alex"]
[Black "Fathallah, Joe"]
[Result "0-1"]
[WhiteElo "2115"]
[BlackElo "1907"]
[Annotator "kemen"]
[PlyCount "60"]
[EventDate "2022.??.??"]
[SourceVersionDate "2022.09.07"]

{[%evp 0,6,28,30,27,32,74,59,59]} 1. d4 e6 (1... f5 2. Nc3 (2. e4 fxe4 3. Nc3
Nf6 4. Bg5 c6 5. f3 d5 {Bullen-Fathallah, WLS ch 2018,1/2-1/2}) 2... Nf6 3. Bg5
e6 4. e4 fxe4 5. Nxe4 Be7 6. Bxf6 Bxf6 7. c3 O-O 8. Nf3 Nc6 9. h4 {
Bullen-Fathallah, WLS ch 2022,1/2-1/2}) 2. Nf3 f5 3. g3 Nf6 4. Bg2 d5 5. O-O
Bd6 6. c4 c6 7. b3 O-O 8. Ba3 Ne4 9. Bxd6 Qxd6 10. Qc2 Nd7 11. Nc3 {38% for Wh}
(11. Nbd2 {main,59% for Wh}) 11... b6 12. Rad1 (12. Rac1) 12... Ba6 (12... Bb7
{0-2}) 13. Ne1 Rac8 14. f3 (14. Nxe4 fxe4 15. f3 $11 {KomodoDragon3}) 14...
Nxc3 15. Qxc3 c5 $17 {Bl strikes in the centre while the Wh B has been
temporarily shut in} 16. f4 dxc4 17. bxc4 Nf6 18. d5 Rfd8 (18... Bb7 $15) (
18... exd5 19. Bxd5+ Nxd5 20. Rxd5 Qf6 $11) 19. Nc2 exd5 20. Ne3 $2 (20. Bxd5+
Nxd5 21. Rxd5 Qe6 $11 {KomodoDragon3}) 20... d4 21. Qa3 Qe6 22. Nxf5 Bxc4 $19
23. Bh3 Qf7 24. Rxd4 (24. Nxd4 cxd4 25. Bxc8 Rxc8 26. Rxd4 Bxe2 $19 {
KomodoDragon3}) 24... cxd4 25. Ne7+ Kh8 26. Nxc8 Bxe2 27. Rc1 d3 {Wh.s
tactical moves, have just lead to his pieces uncoordinated} 28. Nd6 Qe7 (28...
Qd5) 29. Rc8 Rxc8 30. Bxc8 d2 (30... Qe3+ 31. Kg2 Qf3+ 32. Kh3 Bf1+ 33. Kh4
Qh5# {KomodoDragon3}) 0-1

[Event "S Wales Late Summer Open"]
[Site "?"]
[Date "2022.09.03"]
[Round "2.3"]
[White "Thomas, James"]
[Black "Young, Alan J"]
[Result "0-1"]
[WhiteElo "1922"]
[BlackElo "2088"]
[Annotator "kemen"]
[PlyCount "102"]
[EventDate "2022.??.??"]
[SourceVersionDate "2022.09.07"]

{[%evp 0,16,25,44,21,26,29,12,12,-5,-5,-35,24,6,-10,14,-10,-25,-31]} 1. e4 e5
2. Nf3 Nc6 3. Bc4 Nf6 4. d4 (4. d3) (4. Ng5 {main lines}) 4... exd4 5. O-O Be7
{a stolid defence} (5... Nxe4 {main 2 Knights}) (5... Bc5 6. e5 d5 {Max Lange})
6. e5 Ne4 7. Bd5 {2nd most played} (7. Re1 {main line}) 7... Nc5 8. Nxd4 (8.
Bxc6 dxc6 9. Nxd4 Ne6 10. Nf5 Qxd1 11. Rxd1 Bc5 12. Nc3 g6 13. Nh6 Bd4 14. Re1
Kf8 15. Nd1 Kg7 16. c3 Bc5 17. Ng4 {Mihajlov-Young, ECC op tm 2019,1-0}) 8...
Nxe5 {42% for Wh} (8... Nxd4 {main, 57% for Wh}) 9. Nf5 O-O 10. Re1 (10. f4 Ng6
{2-3-1}) 10... Bf6 $19 (10... Ng6 11. Rxe7 Nxe7 12. Bg5 Re8 13. Nc3 (13. Bf6
$18 {KomodoDragon3}) 13... Ne6 14. Bxe7 Rxe7 15. Qg4 g6 {Kuespert-Buschbeck,
Oberfranken ch 2019,1/2-1/2}) 11. Be3 (11. f4 Ng6 12. Nc3 d6 13. Qh5 c6 14. Bb3
d5 $19 {J Jones-Shaknazarov, San Francisco TMN 2009,0-1}) 11... d6 12. Nd4 c6
13. Bb3 Ng4 (13... a5 {Deep Fritz13 & KomodoDragon3}) 14. Bf4 Be5 (14... Nxf2
15. Kxf2 Bxd4+ 16. Qxd4 Qh4+ 17. Kf1 Ne6 18. Rxe6 fxe6 19. g3 Qxh2 20. Qg1 Qh5
21. Ke1 d5 $19 {KomodoDragon3}) 15. Bxe5 dxe5 16. Nf3 Qb6 17. Qe2 e4 18. Ng5
Qc7 19. g3 Nxb3 (19... Bf5 20. Nc3 Rae8 $19 {both Engines}) 20. axb3 f5 21. Nh3
Ne5 22. Nd2 Bd7 (22... Be6) 23. f4 Ng4 24. Nc4 b5 25. Ne3 Qb6 26. Nf2 Nf6 {
keeping Wh cramped} 27. c4 a6 28. b4 c5 29. bxc5 Qxc5 30. Rad1 Rad8 31. b3 Be6
32. h3 Bf7 33. g4 fxg4 34. hxg4 bxc4 35. bxc4 Rc8 (35... a5 $19) 36. g5 $2 (36.
Qd2 Rfe8 37. Qd6 Qxd6 38. Rxd6 Bxc4 39. g5 Nh5 40. f5 Nf4 $17 {KomodoDragon3})
36... Bh5 37. Qa2 Bxd1 38. gxf6 Bf3 39. fxg7 Rf7 (39... Rxf4) 40. Qxa6 Rxg7+
41. Kf1 Rf8 (41... Kh8 {both Engines} 42. Qb5 Rcg8 43. Nxe4 Qxb5 44. cxb5 Bxe4
$19) 42. Qe6+ Rgf7 (42... Kh8) 43. Nfg4 Bxg4 44. Nxg4 Kh8 45. Ke2 Rxf4 46. Rh1
Rf2+ 47. Nxf2 Qxf2+ (47... Rxf2+ 48. Ke1 (48. Kd1 Qd4+ 49. Kc1 Qa1#) 48... Qe3+
49. Kd1 Qd2# {KomodoDragon3}) 48. Kd1 Rd8+ 49. Kc1 Qd2+ 50. Kb1 Rb8+ 51. Ka1
Qb2# 0-1

[Event "S Wales Late Summer Open"]
[Site "?"]
[Date "2022.09.03"]
[Round "2.4"]
[White "Pleasants, Allan J"]
[Black "Duke, Dillan"]
[Result "0-1"]
[WhiteElo "2005"]
[BlackElo "1896"]
[Annotator "kemen"]
[PlyCount "146"]
[EventDate "2022.??.??"]
[SourceVersionDate "2022.09.07"]

{[%evp 0,10,22,35,54,-15,-5,-22,-6,-18,-3,23,36]} 1. Nf3 Nf6 2. g3 d5 3. Bg2 c5
4. c4 e6 5. O-O d4 6. b4 (6. e3) (6. d3 {main lines}) 6... cxb4 7. a3 Nc6 8. d3
b3 (8... a5) (8... bxa3) 9. Bb2 $146 (9. Nbd2 {main}) 9... e5 $15 (9... a5 10.
Qxb3 a4 11. Qc2 Bc5 $15 {KomodoDragon3}) 10. Nbd2 Be7 11. Nxb3 O-O 12. Rb1 Re8
13. Qc2 Nd7 (13... a5 $17 {KomodoDragon3}) 14. e3 dxe3 15. fxe3 e4 16. dxe4 Bf6
(16... Bf8 $11 {KomodoDragon3}) 17. Nbd4 Nce5 (17... Nde5) 18. c5 a6 19. Rbc1 (
19. Nf5 $16 {KomodoDRagon3}) 19... Nb8 (19... Nxf3+ 20. Nxf3 Ne5 $14) 20. Qb3
Nbc6 (20... Nbd7) 21. Nxc6 Nxc6 22. e5 $18 {Deep Fritz13 & KomodoDragon3} Be7
23. Rfd1 (23. Nd4 Nxe5 24. c6 $18 {both Engines}) 23... Qc7 (23... Qa5 $16) 24.
Qc3 (24. Rd6 $1 $18 {both Engines}) 24... Bf8 25. Rd6 Bg4 26. Rd2 {retreating}
(26. Ng5 $1 Nxe5 27. Rd5 $18 {both Engines} h6 28. Rxe5 Qxe5 29. Qxe5 Rxe5 30.
Bxe5 hxg5 31. Bxb7 Rd8 32. Bd4 $18 {KomodoDragon3}) 26... Rad8 27. Nd4 (27. Ng5
h6 28. Ne4 Nxe5 29. Nd6 Re6 $11 {KomodoDragon3}) 27... Nxe5 $17 28. Rf2 Bc8 (
28... b5 $15 {KomodoDragon3} 29. cxb6 (29. c6 Nc4 $17) 29... Qxb6 30. Rf4 h5
31. Qd2 g6 $19) 29. Qb3 (29. c6) 29... Bxc5 $19 30. Bd5 Rf8 (30... b6 {both
Engines}) 31. Rcf1 (31. Nc6 bxc6 32. Rxc5 Qd7 $17 {KomodoDragon3}) (31. Nf3 Qd6
32. Bxe5 Qxd5 33. Qc3 f6 34. Qxc5 fxe5 35. Qxd5+ Rxd5 36. e4 Rdd8 $17 {Deep
Fritz13}) 31... Bh3 $19 32. Rd1 b6 33. e4 Rd7 (33... Ng4 {KomodoDragon3}) 34.
Qc3 Kh8 35. Kh1 f6 36. Rf4 Ng6 37. Rf2 Qe5 38. Qf3 Bxd4 (38... Qg5 39. Bc1 Qg4
$19 {both Engines}) 39. Bxd4 Qg5 40. Re1 (40. Be3 {both Engines} Qg4 41. Qxg4
Bxg4 42. Rdd2 Ne5 (42... Bh3) (42... b5 43. h3 Bxh3 44. Rh2 Bf1 45. Rxh7+ Kxh7
46. Rh2+ Nh4 47. Rxh4+ Kg6 48. Rg4+ Kh7 49. Rh4+ Kg6 50. Rg4+ $11) 43. Bxb6 $11
{KomodoDragon3}) 40... Ne5 $19 41. Bxe5 Qxe5 42. g4 {trapping a B,? but Bl has
a response ready} Rxd5 43. Qxh3 Rd4 44. Rf5 Qe7 45. Qe3 Rfd8 46. e5 Qb7+ 47.
Qf3 Qxf3+ 48. Rxf3 fxe5 49. Rxe5 Rxg4 50. Re1 h6 51. Rg1 Rxg1+ 52. Kxg1 Rd2 53.
Rc3 Rb2 54. Rc6 a5 55. a4 Kh7 56. Rd6 h5 57. h4 g6 58. Rc6 Rb4 59. Rd6 Rxh4 60.
Rxb6 Rxa4 61. Kg2 Ra3 62. Ra6 Kh6 63. Kh2 h4 64. Ra8 Kh5 65. Kg2 Kg4 66. Ra6
Ra2+ 67. Kg1 g5 68. Rc6 h3 69. Rc4+ Kg3 70. Rc3+ Kh4 71. Rc4+ g4 72. Rc8 a4 73.
Rc3 Ra1+ 0-1

[Event "S Wales Late Summer Open"]
[Site "?"]
[Date "2022.09.03"]
[Round "2.5"]
[White "Fowler, Hugo"]
[Black "Garcia, Jason"]
[Result "1/2-1/2"]
[WhiteElo "1904"]
[BlackElo "1996"]
[Annotator "kemen"]
[PlyCount "44"]
[EventDate "2022.??.??"]
[SourceVersionDate "2022.09.07"]

{[%evp 0,18,27,13,53,21,10,-41,30,1,34,34,27,16,17,17,17,-19,-46,-8,-12]} 1. e4
c5 2. c3 d5 3. exd5 Nf6 (3... Qxd5 {main}) 4. Bb5+ {no games in database for
either player here} (4. d4) 4... Nbd7 5. c4 a6 6. Ba4 {scores better than} (6.
Bxd7+ {main}) 6... b5 7. cxb5 Nxd5 8. bxa6 (8. Nc3 {6-1}) 8... Bxa6 (8... Nb4
$1 $19 {Cloud Engines} 9. Nf3 (9. Bb5 Bxa6 10. Bxa6 Rxa6 11. d4 cxd4 12. Nf3
Qc8 $19 {KomodoDragon3})) 9. Ne2 Bxe2 (9... e6 $15 {Cloud Engines} 10. Nbc3 Be7
11. O-O O-O 12. Nxd5 exd5 13. Bc6 Rb8 14. Bxd5 Bf6 15. Re1 Ne5 16. Be4 Nd3 17.
Bxd3 Qxd3 18. Nc3 Bd4 $15 {Kurtcehajic-Trkulja, Sarajevo Galijatovic Memorial
2022,1/2-1/2}) 10. Kxe2 Qa5 (10... Nf4+ 11. Kf1 Ne6 $11 {KomodoDragon3}) 11.
Bxd7+ Kxd7 12. d3 $16 Qb4 13. Re1 e6 (13... Qg4+ 14. Kf1 Qxd1 15. Rxd1 g6 $14 {
KomodoDragon3}) 14. Na3 (14. Kf1 $18 {KomodoDragon3}) 14... Qh4 (14... Qxa3 15.
bxa3 Nc3+ 16. Kd2 Nxd1 17. Kxd1 Be7 $11 {KomodoDragon3}) 15. Qb3 (15. Kf1 Qxh2
16. Qf3 Be7 17. Nc4 Bf6 18. a4 $14 {KomodoDragon3}) 15... Bd6 $11 16. h3 Rhb8
17. Qc2 $2 (17. Qc4 $11) 17... Rxa3 $19 18. bxa3 Qf6 (18... Be5 $1 $19 {
KomodoDragon3}) 19. Qa4+ $11 Kc7 20. Qa5+ (20. Bd2 $5) 20... Kc6 21. Qa4+ Kc7
22. Qa5+ Kc6 {(draw?)} 1/2-1/2

[Event "S Wales Late Summer Open"]
[Site "?"]
[Date "2022.09.03"]
[Round "2.6"]
[White "Jukes, Sam"]
[Black "Goater, Kevin"]
[Result "0-1"]
[WhiteElo "1895"]
[BlackElo "2045"]
[Annotator "kemen"]
[PlyCount "132"]
[EventDate "2022.??.??"]
[SourceVersionDate "2022.09.07"]

{[%evp 0,22,32,20,68,73,73,36,49,36,36,31,31,11,11,-1,-1,20,34,5,26,-9,15,3,4]
} 1. e4 c6 2. d4 d5 3. Nc3 dxe4 4. Nxe4 Nf6 5. Nxf6+ exf6 6. Be2 Bd6 7. Nf3 O-O
8. O-O Re8 9. c4 Nd7 10. a3 $146 (10. Be3) (10. Re1) 10... Nf8 11. Re1 (11. Be3
Be6 {0-2}) 11... Bg4 (11... Be6 12. b4 a5 13. Bd2 Ng6 14. bxa5 Bc7 15. Qb3 Qd7
16. Rad1 Bxa5 $11 {Drewello-Schulte, Verbandsliga Suedbaden 2019,0-1}) 12. h3
Be6 13. Bf1 Qd7 14. Be3 Rad8 15. Qd2 Ng6 16. Rad1 Bb8 17. b4 (17. Qc3) 17...
Qc7 18. g3 (18. Bd3) 18... Qc8 19. h4 Bg4 $19 20. Be2 f5 {Wh's K side has been
weakened by the pawn advances} 21. Nh2 Bxe2 22. Rxe2 f4 23. Bxf4 Rxe2 (23...
Bxf4 24. gxf4 Qf5 $19 (24... Nxh4 $19 {KomodoDragon3})) 24. Qxe2 Nxf4 (24...
Bxf4 25. h5 Nh4 26. gxh4 (26. gxf4 Qh3 27. Qg4 Qxg4+ 28. Nxg4 Rxd4 $17) 26...
Qh3 27. Nf3 Qg4+ 28. Kf1 $11 {KomodoDragon3}) 25. gxf4 Bxf4 26. Qe4 (26. Qf3)
26... Bd6 (26... Bc7) 27. Re1 (27. c5 Bxh2+ 28. Kxh2 Qd7 29. Kg2 $11 {
KomodoDragon3}) 27... a5 28. c5 Bxh2+ 29. Kxh2 axb4 30. axb4 h6 $11 31. Rg1 $6
(31. h5 Qd7 32. Kg3 Qxd4 33. Qxd4 Rxd4 34. Re8+ Kh7 35. Re7 Rxb4 36. Rxf7 Rb5
37. Kg4 $11 {KomodoDragon3}) 31... Qd7 32. Rd1 Re8 33. Qd3 Qd8 $19 (33... Qg4
$19) 34. Qg3 Re4 35. f3 Rxh4+ 36. Kg2 Rh5 37. Kf2 Rd5 (37... Qd5) 38. Qf4 b6 $6
(38... h5 $1 {advance pawns on the side where one is strongest}) 39. Rd2 (39.
b5 $5 Qd7 (39... bxc5 40. bxc6 Qc8 41. c7 Rd7 42. Rg1 Kh8 43. Qg4 g6 44. Qf4
Kg7 45. Qe5+ Kh7 $11 (45... f6 46. Qh5 g5 47. Rh1 Qh8 48. c8=Q $18)) 40. Ra1
bxc5 41. b6 cxd4 42. Ra7 Qe8 43. b7 Rd8 44. Qe4 Qf8 45. Qd3 c5 46. Ra6 $11 {
KomodoDragon3}) 39... bxc5 40. bxc5 Qd7 (40... g6) 41. Qb8+ Kh7 42. Qf4 g6 43.
Ke3 (43. Kg3) 43... Rf5 44. Qe4 Rf6 45. d5 cxd5 (45... Qh3 $5) 46. Rxd5 Qb5 (
46... Qc7 47. f4 Ra6 48. Kf2 Ra3) 47. Qd4 Re6+ (47... Qb3+ 48. Qd3 Re6+ 49. Kf2
Qb4 50. Qd2 Qh4+ 51. Kf1 Ra6 52. Kg2 Ra1 53. Qf2 Qh1+ 54. Kg3 Rf1 55. Qe2 Rg1+
56. Kf4 Re1 $19 {KomodoDragon3}) 48. Re5 Qb3+ (48... Rf6 49. Kf2 Qb8) 49. Kf2
Rf6 50. Re3 Qc2+ 51. Re2 Qf5 52. Re3 (52. Qc3 Rc6 53. Re7 g5 $15) 52... g5 (
52... h5 $19) 53. Kg2 (53. Qe4 Qxe4 54. Rxe4 Rc6 55. Rc4 Kg6 56. Kg3 $11 {
KomodoDragon3}) 53... h5 (53... Kg6) 54. Qc3 $11 (54. Qe4 $11) 54... g4 55. Qd3
Qxd3 56. Rxd3 Rc6 57. fxg4 (57. Kg3 Rxc5 58. fxg4 hxg4 59. Kxg4 $11) 57... Rxc5
58. Rh3 (58. Kg3 $11) (58. gxh5 $11) 58... Kg6 59. gxh5+ Rxh5 60. Rxh5 $2 (60.
Ra3 {keeping Rs on draws}) 60... Kxh5 $19 61. Kf3 Kg5 62. Kg3 Kf5 63. Kf3 f6 {
gains the opposition to win the single pawn ending} 64. Ke2 Kf4 65. Kf2 f5 66.
Ke2 Kg3 0-1

[Event "S Wales Late Summer Open"]
[Site "?"]
[Date "2022.09.03"]
[Round "2.8"]
[White "Wang, Andy"]
[Black "May, Adam J"]
[Result "0-1"]
[WhiteElo "1424"]
[BlackElo "1941"]
[Annotator "kemen"]
[PlyCount "62"]
[EventDate "2022.??.??"]
[SourceVersionDate "2022.09.07"]

{[%evp 0,15,19,31,43,30,24,27,45,26,63,35,31,26,36,9,12,-5]} 1. d4 d5 2. Bf4
Nf6 3. Nf3 c5 4. e3 Nc6 5. c3 cxd4 (5... Qb6 {main}) 6. cxd4 (6. exd4 {main})
6... a6 7. Nbd2 (7. Nc3 {more active}) 7... Bf5 8. Qa4 $2 {loses time} (8. a3 {
0.5-2.5}) (8. Be2 {2-0}) 8... b5 9. Qb3 Na5 10. Qd1 e6 $15 (10... Rc8 $17 {
KomodoDragon3}) 11. Be2 Be7 12. h3 h6 13. O-O O-O 14. a3 Qb6 15. b4 Nc4 $17 16.
Nxc4 (16. Nb3 {aiming for c5}) 16... bxc4 $19 {Wh's Q side will come under
severe pressure} 17. Qa4 Rfc8 18. Rac1 Qb5 19. Bd1 Nd7 (19... Ne4 {
KomodoDragon3}) 20. Bc2 Nb6 21. Qxb5 axb5 22. Bxf5 exf5 23. Rc3 Nd7 24. Nd2 Nf6
25. f3 Ra7 26. Bg3 Rca8 27. Bh4 (27. Nb1 {needs to be tried, though} Nd7 28.
Be1 Bf6 29. Bf2 Nf8 30. Rcc1 f4 (30... Ne6 31. Nc3 Rxa3 32. Nxd5 f4 33. Nxf6+
gxf6 34. e4 Nf8 35. d5 Nd7 $17) 31. e4 Ne6 32. exd5 Nxd4 33. Bxd4 Bxd4+ 34. Kh2
Kf8 $19 {KomodoDragon3-the Bl pieces dominate & the d pawn is dead}) 27... Rxa3
28. Bxf6 Bxf6 29. Nb1 R3a4 30. Nd2 f4 31. exf4 Bxd4+ 0-1

[Event "S Wales Late Summer Open"]
[Site "?"]
[Date "2022.09.03"]
[Round "2.9"]
[White "Szakmany, Bence"]
[Black "Jones, Mark A"]
[Result "1-0"]
[WhiteElo "1375"]
[BlackElo "1926"]
[Annotator "kemen"]
[PlyCount "99"]
[EventDate "2022.??.??"]
[SourceVersionDate "2022.09.07"]

{[%evp 0,21,39,19,47,67,69,69,58,22,37,37,60,44,58,37,34,33,34,19,12,24,31,26]
} 1. e4 Nf6 2. e5 Nd5 3. c4 Nb6 4. d4 d6 5. exd6 cxd6 6. Be3 (6. Nc3 {main})
6... g6 7. Nf3 Bg7 8. Nbd2 (8. Nc3) 8... O-O 9. Be2 Nc6 10. O-O e5 (10... Bf5 {
main}) 11. d5 {Houdini6- yet gives Bl a comfortable Kings Indian type position}
(11. dxe5 dxe5 12. Bc5 Re8 13. Ne4 {4 Wh wins, 4 draws}) 11... Ne7 {1-2-4} 12.
a4 a5 13. Qb3 Nd7 14. Ne4 Qc7 $2 (14... Nf5 $15 {KomodoDragon3} 15. Bg5 f6 16.
Bd2 b6 17. Qc2 Nc5 $15 {Gulyas-Repasi, HUN ch tm, 2013,draw agreed}) 15. Qa3 (
15. c5 $1 $18 {KomodoDragon3} Nf5 16. cxd6 Qb8 (16... Nxd6 17. Rac1 Qb8 18.
Nfg5 h6 19. Nxd6 Qxd6 20. Ne4 Qb4 21. Qxb4 axb4 22. b3 $18 {Bl has given up
several entry points on the Q side})) 15... Nf5 16. c5 {too late} (16. Bd2)
16... Nxc5 17. Bxc5 dxc5 18. Qxc5 (18. Nxc5 b6 19. Ne4 Bb7 20. Rfd1 Rad8 $17 {
KomodoDragon3}) 18... Qxc5 19. Nxc5 Nd6 (19... b6 20. Ne4 Rd8) 20. Nd2 Rd8 21.
Rad1 b6 22. Nce4 Nxe4 23. Nxe4 Bb7 (23... Bf8 $17) 24. Bc4 Rac8 25. b3 $11 h6
26. Rd2 Kf8 (26... Bf8) 27. Rfd1 f5 28. Nc3 Rc7 (28... Bf6) 29. d6 $14 Rc6 (
29... Rc5) 30. Nb5 $18 Rc5 31. Nc7 Bc8 32. Be6 Rc6 33. h3 (33. Bxc8 $1 Rxc8 34.
Ne6+ Kf7 35. d7 $18 {KomodoDragon3}) 33... Bd7 34. Bc4 e4 35. Bb5 Rc3 (35...
Rc5) 36. Bc4 e3 37. fxe3 (37. Re2 Be5 38. fxe3 $18) 37... Rxe3 38. Nd5 $18 Re4
39. Nxb6 Bc3 40. Rd3 Bb4 41. Nxd7+ Rxd7 42. Bb5 Rd8 43. d7 Ke7 44. Kf2 Bc5+ 45.
Kf3 Bb6 46. g4 (46. Rc1) 46... Re5 47. gxf5 Rxf5+ 48. Kg2 Rdf8 49. Re1+ (49.
d8=Q+ Rxd8 50. Rxd8 Bxd8 51. Rd7+ Ke8 52. Rh7+ Kf8 53. Rh8+ Ke7 54. Re8+ {
KomodoDragon3 alternative}) 49... Kf6 50. Rd6+ 1-0

[Event "S Wales Late Summer Open"]
[Site "?"]
[Date "2022.09.03"]
[Round "2.10"]
[White "Guy, David"]
[Black "Smith, Ellison"]
[Result "1-0"]
[WhiteElo "1858"]
[BlackElo "1365"]
[Annotator "kemen"]
[PlyCount "65"]
[EventDate "2022.??.??"]
[SourceVersionDate "2022.09.07"]

{[%evp 0,13,23,13,13,15,17,14,14,28,48,37,58,57,71,35]} 1. d4 d5 2. Nf3 Nf6 3.
Bf4 e6 4. e3 Nbd7 5. Be2 (5. Bd3 {main}) 5... c5 6. O-O Qb6 7. Qc1 (7. b3 {
2 draws, 1 Bl win}) (7. Nc3 {1 win each}) 7... Bd6 8. Bxd6 (8. Bg3 O-O 9. Nc3
a6 10. a4 cxd4 11. exd4 Bxg3 12. hxg3 Ne4 13. Ra3 f5 {Duschek-Volkov,Dortmund
B,2003,0-1}) 8... Qxd6 9. h3 O-O 10. Nbd2 Re8 11. c4 e5 (11... b6 12. cxd5 exd5
$14 {KomodoDragon3}) 12. dxe5 Nxe5 13. Nxe5 Rxe5 14. Nf3 (14. Bf3 $14) 14...
Rh5 $11 15. Rd1 g5 (15... Bxh3 $11 {KomodoDragon3} 16. gxh3 Rxh3 17. Qc2 Re8
18. Qf5 Rh5 19. Rxd5 Qxd5 20. Qxd5 Nxd5 21. cxd5 Rxd5 22. b3 $11) 16. e4 $18 g4
17. hxg4 (17. e5) 17... Bxg4 18. e5 Qe6 19. exf6 Qxe2 20. Rxd5 $18 Bxf3 21.
Rxh5 $1 (21. gxf3 Qxf3 22. Rxh5 Qxh5 23. Qe3 Kh8 $17 {KomodoDRagon3}) 21...
Bxh5 22. Qg5+ Kf8 23. Qg7+ Ke8 24. Qg8+ Kd7 25. Qxa8 Qxb2 26. Re1 Kc6 27. Qe8+
(27. Qd8) 27... Kb6 28. Qd8+ (28. Qe7) (28. Re3) 28... Ka6 29. Qd5 Qc3 30. Re3
Qc1+ 31. Kh2 Bg6 32. Qxc5 Qb1 33. Ra3# 1-0